[Event "50th New York Masters"]
[Site "New York"]
[Date "2003.04.01"]
[Round "3"]
[White "Stripunsky, Alexander"]
[Black "Ehlvest, Jaan"]
[Result "1/2-1/2"]
[WhiteElo "2643"]
[BlackElo "2705"]
[PlyCount "65"]
[EventDate "2003.04.01"]
[Source "Roberto Alvarez"]
[SourceDate "2003.05.19"]

1. e4 c5 2. Nc3 e6 3. g3 d5 4. exd5 exd5 5. Bg2 Nf6 6. d3 d4 7. Ne4 Nxe4 8. Bxe4 Nd7 9. Ne2 Nf6 10. Bg2 Be7 11. O-O O-O 12. Re1 Rb8 13. Bf4 Bd6 14. Qd2 Be6 15. Bxd6 Qxd6 16. Nf4 Bd7 17. Qa5 Qb6 18. Qxb6 axb6 19. a4 Rfe8 20. Rxe8+ Bxe8 21. b3 Bc6 22. h4 Kf8 23. Re1 Re8 24. Rxe8+ Kxe8 25. Bxc6+ bxc6 26. Kg2 Ke7 27. Kf3 Nd5 28. Nxd5+ cxd5 29. Kf4 f6 30. g4 Ke6 31. g5 f5 32. Kf3 g6 33. Kg3 1/2-1/2

[Event "Corr"]
[Site "?"]
[Date "1999.06.30"]
[Round "?"]
[White "Rittner Horst Robert (GER)"]
[Black "Bang Erik (DEN)"]
[Result "1/2-1/2"]
[WhiteElo "2601"]
[BlackElo "2663"]
[PlyCount "37"]
[EventDate "1999.??.??"]
[Source "www.chesslib.no"]
[SourceDate "2004.05.04"]

1. e4 c5 2. Nc3 e6 3. g3 d5 4. exd5 exd5 5. Bg2 Nf6 6. Nge2 d4 7. Ne4 Nxe4 8. Bxe4 Nd7 9. O-O Nf6 10. Bg2 Bd6 11. d3 O-O 12. h3 Re8 13. Re1 Bd7 14. Bf4 Bxf4 15. Nxf4 Qb6 16. b3 Bc6 17. Qd2 Bxg2 18. Nxg2 h6 19. Rxe8+ 1/2-1/2

[Event "Sochi"]
[Site "Sochi"]
[Date "1982.??.??"]
[Round "9"]
[White "Romanishin, Oleg M"]
[Black "Psakhis, Lev"]
[Result "1-0"]
[WhiteElo "2585"]
[BlackElo "2615"]
[PlyCount "81"]
[EventDate "1982.12.??"]
[Source "ChessBase"]

1. e4 c5 2. Nc3 e6 3. g3 d5 4. Bg2 Nf6 5. d3 Nc6 6. f4 dxe4 7. dxe4 Qxd1+ 8. Nxd1 b6 9. Ne3 Bb7 10. Nh3 Nb4 11. a3 Nc6 12. O-O Nd4 13. e5 Ne4 14. Re1 O-O-O 15. Rb1 Be7 16. Nf1 f5 17. exf6 Nxf6 18. c3 Bxg2 19. Kxg2 Nb3 20. Ng5 Rhe8 21. Nxe6 Bd6 22. f5 Rd7 23. Bg5 Nd5 24. Rbd1 Nc7 25. Re3 Na5 26. Nxc7 Rxe3 27. Nxe3 Kxc7 28. b4 Nc6 29. Nc4 Ne5 30. Nxd6 Rxd6 31. Re1 Nd3 32. Re7+ Rd7 33. Re6 Nb2 34. Bf4+ Kb7 35. bxc5 bxc5 36. Bd6 Kc6 37. Bf8+ Kd5 38. Re2 Na4 39. Rd2+ Kc6 40. Rxd7 Kxd7 41. Bxg7 1-0

[Event "Biel SKA"]
[Site "Biel"]
[Date "1996.??.??"]
[Round "4"]
[White "Romanishin, Oleg M"]
[Black "Lautier, Joel"]
[Result "1/2-1/2"]
[WhiteElo "2555"]
[BlackElo "2620"]
[PlyCount "42"]
[EventDate "1996.07.22"]
[Source "ChessBase"]

1. e4 c5 2. Nc3 e6 3. g3 d5 4. d3 dxe4 5. dxe4 Qxd1+ 6. Nxd1 Bd7 7. Bg2 Bc6 8. Ne3 Nf6 9. f3 Bd6 10. Bd2 b5 11. Nh3 Nbd7 12. Nf2 c4 13. a4 a6 14. axb5 axb5 15. Rxa8+ Bxa8 16. Ke2 O-O 17. Ra1 Bc5 18. Bc3 Bc6 19. b4 cxb3 20. cxb3 b4 21. Bb2 Bb5+ 1/2-1/2

[Event "It (open)"]
[Site "?"]
[Date "2005.05.21"]
[Round "6"]
[White "Rodriguez Andres"]
[Black "Epishin Vladimir"]
[Result "1/2-1/2"]
[WhiteElo "2536"]
[BlackElo "2605"]
[PlyCount "79"]
[EventDate "2005.??.??"]
[Source "www.chesslib.no"]
[SourceDate "2004.05.04"]

1. e4 c5 2. Nc3 e6 3. g3 d5 4. Bg2 dxe4 5. Nxe4 Be7 6. Qg4 g6 7. Qe2 Nf6 8. d3 Nxe4 9. dxe4 Qa5+ 10. c3 Qa6 11. Qxa6 Nxa6 12. Nf3 b6 13. O-O Bb7 14. Re1 O-O 15. Bf4 Rfd8 16. Bf1 Rac8 17. a4 c4 18. Ne5 Nc5 19. Nxc4 Nxe4 20. a5 b5 21. a6 Bd5 22. Na5 Bc5 23. Be3 Nd6 24. Bxc5 Rxc5 25. Bg2 Rd7 26. Rad1 Nc4 27. Nb7 Rc6 28. Re2 Rxa6 29. Nc5 Bf3 30. Nxd7 Bxe2 31. Re1 Bd3 32. Nc5 Rd6 33. b3 Nb2 34. Bf3 Bc2 35. Ra1 Bd1 36. Ba8 Rd2 37. Rxa7 Rc2 38. Rc7 Bg4 39. f4 h5 40. c4 1/2-1/2

[Event "Bundesliga 9293"]
[Site "Germany"]
[Date "1993.??.??"]
[Round "?"]
[White "Chandler, Murray G"]
[Black "Bologan, Viktor"]
[Result "1-0"]
[WhiteElo "2575"]
[BlackElo "2555"]
[PlyCount "119"]
[EventDate "1992.10.??"]
[Source "ChessBase"]
[SourceDate "1999.07.01"]

1. e4 c5 2. Nc3 e6 3. g3 d5 4. d3 Nf6 5. Bg2 Be7 6. e5 Nfd7 7. f4 Nc6 8. Nf3 b5 9. a3 Qb6 10. O-O g6 11. Kh1 h5 12. Qe1 a5 13. a4 b4 14. Nb5 Ba6 15. Nd6+ Bxd6 16. exd6 O-O-O 17. Be3 b3 18. c4 Nb4 19. Ne5 f6 20. Nxg6 Nxd3 21. Qc3 Bxc4 22. Rfd1 Nb4 23. Nxh8 Rxh8 24. Bf2 Nc2 25. Rac1 Qb4 26. Qf3 f5 27. Be1 Qxa4 28. Bc3 Rh7 29. h4 Qb5 30. Rd2 a4 31. Kh2 Qa6 32. Be5 Nb4 33. Ra1 Nc6 34. Qe3 d4 35. Qe1 Bd5 36. Bxd5 exd5 37. Rc1 Qb5 38. Re2 Kb7 39. Rd2 d3 40. Qe3 c4 41. Bc3 Nb6 42. Bd4 Nxd4 43. Qxd4 Rd7 44. Re1 Qb4 45. Rdd1 Qxd6 46. Re8 Rc7 47. Rde1 Qc5 48. Qh8 c3 49. Rb8+ Ka7 50. Ree8 cxb2 51. Ra8+ Nxa8 52. Rxa8+ Kb6 53. Qb8+ Rb7 54. Qd8+ Kb5 55. Ra5+ Kb4 56. Rxc5 b1=Q 57. Qxd5 Re7 58. Rc4+ Ka3 59. Qd6+ Kb2 60. Qd4+ 1-0

[Event "GER CupT semifinal"]
[Site "Baden Baden"]
[Date "2002.03.09"]
[Round "1.1"]
[White "Slobodjan, Roman"]
[Black "Epishin, Vladimir"]
[Result "0-1"]
[WhiteElo "2527"]
[BlackElo "2599"]
[PlyCount "73"]
[EventDate "2002.03.08"]
[Source "ChessBase"]
[SourceDate "2002.03.21"]

1. e4 c5 2. Nc3 e6 3. g3 d5 4. d3 Be7 5. Bg2 dxe4 6. dxe4 Qxd1+ 7. Nxd1 Bd7 8. Ne3 Bc6 9. Ne2 Nd7 10. Bd2 Ngf6 11. f3 O-O 12. Nc4 Bb5 13. Na3 Bc6 14. Nc4 Bb5 15. Ne3 Bc6 16. a4 Rfd8 17. Nc3 Ne5 18. Ke2 g5 19. Rhd1 Rd4 20. b3 a6 21. Be1 h5 22. Nf1 g4 23. fxg4 hxg4 24. Nd2 Kg7 25. Bf2 Rh8 26. Bg1 Rh5 27. Nf1 Rxd1 28. Rxd1 b5 29. axb5 axb5 30. Nd2 b4 31. Ncb1 Nfd7 32. Kf2 f5 33. Re1 Nf6 34. Ke3 Kf7 35. Rf1 Bf8 36. Rd1 fxe4 37. Nc4 0-1

[Event "Elista ol (Men)"]
[Site "Elista"]
[Date "1998.10.07"]
[Round "9"]
[White "Minasian, Artashes"]
[Black "Kupreichik, Viktor D"]
[Result "1-0"]
[WhiteElo "2620"]
[BlackElo "2505"]
[PlyCount "67"]
[EventDate "1998.09.29"]
[Source "ChessBase"]
[SourceDate "1998.11.06"]

1. e4 c5 2. Nc3 e6 3. g3 d5 4. exd5 exd5 5. Bg2 Nf6 6. Nge2 d4 7. Ne4 Nxe4 8. Bxe4 Nd7 9. d3 Nf6 10. Bg2 Bd6 11. O-O O-O 12. c3 dxc3 13. Nxc3 Be5 14. Re1 Re8 15. Be3 Bd4 16. Bxd4 Rxe1+ 17. Qxe1 Qxd4 18. Nb5 Qd7 19. a4 a6 20. Nc3 Qd6 21. a5 Rb8 22. Na4 Bd7 23. Nb6 Bc6 24. Nc4 Qxd3 25. Ne5 Qb3 26. Nxc6 bxc6 27. Bf1 Qxb2 28. Bxa6 Re8 29. Qf1 Ng4 30. Be2 h5 31. a6 Rxe2 32. a7 Rxf2 33. a8=Q+ Kh7 34. Qb1+ 1-0

[Event "Biel"]
[Site "Biel"]
[Date "1986.??.??"]
[Round "?"]
[White "Hug, Werner"]
[Black "Kortschnoj, Viktor"]
[Result "0-1"]
[WhiteElo "2455"]
[BlackElo "2650"]
[PlyCount "80"]
[EventDate "1986.07.??"]
[Source "ChessBase"]

1. e4 c5 2. Nc3 e6 3. g3 d5 4. d3 Nc6 5. exd5 exd5 6. Bg2 d4 7. Ne4 Nf6 8. Ne2 Nxe4 9. Bxe4 Bd6 10. O-O Bg4 11. Bg2 Qd7 12. f3 Bf5 13. g4 Be6 14. Nf4 Bxf4 15. Bxf4 h5 16. Qd2 O-O-O 17. a3 f6 18. h3 hxg4 19. fxg4 Bd5 20. Rae1 Rde8 21. Rxe8+ Rxe8 22. Re1 Rxe1+ 23. Qxe1 Bxg2 24. Kxg2 Qd5+ 25. Kf2 Kd7 26. b3 g5 27. Bg3 b5 28. Qe2 a5 29. Qf3 Qxf3+ 30. Kxf3 a4 31. bxa4 bxa4 32. Ke4 Nb4 33. h4 gxh4 34. Bxh4 Ke6 35. g5 Nxc2 36. gxf6 Nxa3 37. f7 Kxf7 38. Kd5 Nc2 39. Kc4 Ne3+ 40. Kxc5 a3 0-1

[Event "FRA-chT 9900"]
[Site "?"]
[Date "2000.02.04"]
[Round "1.1"]
[White "Murey Jacob"]
[Black "Nisipeanu Liviu Dieter"]
[Result "1/2-1/2"]
[WhiteElo "2487"]
[BlackElo "2611"]
[PlyCount "88"]
[EventDate "2000.??.??"]
[Source "www.chesslib.no"]
[SourceDate "2004.05.04"]

1. e4 c5 2. Nc3 e6 3. g3 d5 4. exd5 exd5 5. Bg2 Nf6 6. d3 d4 7. Ne4 Nxe4 8. Bxe4 Nd7 9. Qf3 Bd6 10. Ne2 O-O 11. O-O Rb8 12. Bf4 Bxf4 13. Qxf4 b6 14. Rfe1 Ba6 15. Qd6 Nf6 16. Qxd8 Rfxd8 17. Bf3 Kf8 18. h4 Bb7 19. Kg2 Nd5 20. a3 Re8 21. Ng1 h6 22. Kf1 Bc6 23. Rxe8+ Rxe8 24. Re1 Rxe1+ 25. Kxe1 Ke7 26. Be4 Kd6 27. Nf3 Ba4 28. Kd1 Nf6 29. Nd2 Ng4 30. b3 Bd7 31. Ke2 b5 32. b4 Be6 33. Bf3 Nf6 34. Ne4+ Nxe4 35. Bxe4 c4 36. f4 c3 37. Bf3 f6 38. h5 Bf5 39. Be4 Bg4+ 40. Bf3 Bxf3+ 41. Kxf3 f5 42. Kg2 Ke6 43. Kh3 Kf6 44. Kh4 g6 1/2-1/2

[Event "XIX Czech Open Synthesia Rapid"]
[Site "Pardubice CEC"]
[Date "2008.07.17"]
[Round "6"]
[White "Vokac, M."]
[Black "Navara, D."]
[Result "1-0"]
[WhiteElo "2451"]
[BlackElo "2646"]
[PlyCount "99"]
[EventDate "2008.07.16"]
[Source "www.chesslib.no"]
[SourceDate "2004.05.04"]

1. e4 c5 2. Nc3 e6 3. g3 d5 4. d3 Nf6 5. Bg2 Nc6 6. Nge2 dxe4 7. dxe4 Qxd1+ 8. Nxd1 Nb4 9. Ne3 Ng4 10. Nxg4 Nxc2+ 11. Kd1 Nxa1 12. Nc3 Bd7 13. Ne5 b5 14. Nxd7 b4 15. Nxf8 bxc3 16. bxc3 Rb8 17. Ba3 Rb5 18. Kc1 Rxf8 19. Bb2 Ke7 20. Bf1 Ra5 21. Kb1 Rd8 22. Bc4 Ra4 23. Bb5 Ra5 24. Bc4 Ra4 25. Bb5 Rxe4 26. Kxa1 Rd2 27. Rf1 c4 28. Ba3+ Kf6 29. Bc1 Rc2 30. Ba4 Rce2 31. Be3 R4xe3 32. fxe3+ Ke7 33. Rf4 Rxh2 34. Rxc4 Re2 35. Rc7+ Kf6 36. Be8 Rxe3 37. Rxf7+ Ke5 38. Rxg7 Rxc3 39. g4 Rc8 40. Bh5 Kd4 41. Rd7+ Kc3 42. Rxh7 e5 43. Re7 Rf8 44. Rc7+ Kd4 45. Bf7 e4 46. g5 e3 47. g6 a5 48. Rd7+ Kc3 49. Re7 Rh8 50. Rxe3+ 1-0

[Event "Lvov zt"]
[Site "Lvov"]
[Date "1990.??.??"]
[Round "?"]
[White "Balashov, Yuri S"]
[Black "Vyzmanavin, Alexey"]
[Result "1/2-1/2"]
[WhiteElo "2535"]
[BlackElo "2560"]
[PlyCount "28"]
[EventDate "1990.02.??"]
[Source "ChessBase"]

1. e4 c5 2. Nc3 e6 3. g3 d5 4. Bg2 Nf6 5. e5 Ng8 6. Nf3 Nc6 7. O-O Nge7 8. Re1 Nf5 9. d3 Be7 10. h4 Bd7 11. Nb1 b5 12. c3 b4 13. c4 O-O 14. Bf4 Bc8 1/2-1/2

[Event "otb"]
[Site "otb"]
[Date "2007.03.10"]
[Round "1"]
[White "Krapivin Alexander"]
[Black "Vitiugov Nikita"]
[Result "1/2-1/2"]
[WhiteElo "2478"]
[BlackElo "2604"]
[PlyCount "124"]
[Source "www.chesslib.no"]
[SourceDate "2004.05.04"]

1. e4 c5 2. Nc3 e6 3. g3 d5 4. Bg2 d4 5. Nce2 h5 6. d3 Nc6 7. h3 e5 8. f4 g6 9. Nf3 Bg7 10. O-O Nge7 11. c4 Qd6 12. a3 a5 13. fxe5 Nxe5 14. Nf4 N7c6 15. Nh2 O-O 16. Nd5 Rb8 17. Bf4 b5 18. b3 a4 19. cxb5 Rxb5 20. b4 cxb4 21. Qxa4 Rb7 22. axb4 Nxb4 23. Qa3 Qb8 24. Rab1 Nxd5 25. Rxb7 Qxb7 26. exd5 Qa6 27. Qe7 Qxd3 28. d6 Qb5 29. Rc1 Be6 30. Nf3 Nxf3+ 31. Bxf3 d3 32. Qb7 Qa4 33. Qe4 Qb3 34. Rd1 Qb6+ 35. Kg2 Bf5 36. Qd5 Rc8 37. g4 hxg4 38. hxg4 Rc2+ 39. Rd2 Bd7 40. Qxd3 Rc3 41. Qe2 Qb4 42. Qe4 Rc4 43. Qa8+ Rc8 44. Qe4 Rc4 45. Qa8+ Bf8 46. Be3 Rc3 47. Qa7 Ra3 48. Qc5 Qb3 49. Re2 Ra4 50. Qc2 Qxc2 51. Rxc2 Ra6 52. Rd2 Rxd6 53. Rxd6 Bxd6 54. Bd2 Be5 55. Be3 Kg7 56. Bd2 Kf6 57. Be3 Be6 58. Bd2 Bd6 59. Bc1 Bc5 60. Bf4 Bd4 61. Bd2 Ke5 62. Kg3 Kf6 1/2-1/2

[Event "XIX Czech Open Synthesia Rapid"]
[Site "Pardubice CEC"]
[Date "2008.07.17"]
[Round "5"]
[White "Vokac, M."]
[Black "Potkin, V."]
[Result "1/2-1/2"]
[WhiteElo "2451"]
[BlackElo "2629"]
[PlyCount "69"]
[EventDate "2008.07.16"]
[Source "www.chesslib.no"]
[SourceDate "2004.05.04"]

1. e4 c5 2. Nc3 e6 3. g3 d5 4. d3 Nc6 5. Bg2 Nf6 6. Nge2 Be7 7. O-O O-O 8. Bg5 dxe4 9. dxe4 h6 10. Be3 Qb6 11. Qc1 e5 12. h3 Nd4 13. g4 Be6 14. Ng3 Rfd8 15. Re1 c4 16. Nd5 Bxd5 17. exd5 Bc5 18. c3 Nxd5 19. Bxd5 Rxd5 20. cxd4 exd4 21. Rd1 Qa6 22. Ne4 Bb6 23. Bxh6 Re8 24. Qf4 d3 25. Bxg7 Kxg7 26. Ng3 Qb5 27. Rac1 Qxb2 28. Rxc4 Re2 29. Nf5+ Rxf5 30. gxf5 Qf6 31. Qg3+ Kf8 32. Rc8+ Ke7 33. Qxd3 Qe5 34. Qd7+ Kf6 35. Rd6+ 1/2-1/2

[Event "1st Pfalz Open"]
[Site "Neustadt a.d. Weinstrasse GER"]
[Date "2008.02.23"]
[Round "9"]
[White "Starostits, I."]
[Black "Epishin, V."]
[Result "1/2-1/2"]
[WhiteElo "2500"]
[BlackElo "2577"]
[PlyCount "50"]
[EventDate "2008.02.16"]
[Source "www.chesslib.no"]
[SourceDate "2004.05.04"]

1. e4 c5 2. Nc3 e6 3. g3 d5 4. d3 d4 5. Nb1 e5 6. Bg2 Bd6 7. Nd2 Nc6 8. Ngf3 Nge7 9. O-O Ng6 10. Nc4 Be7 11. a4 h5 12. Ne1 h4 13. f4 hxg3 14. hxg3 exf4 15. gxf4 Qc7 16. e5 Nh4 17. Qe2 Nf5 18. Be4 Kf8 19. Rf2 Ng3 20. Qf3 Nxe4 21. dxe4 Be6 22. b3 Rh3 23. Rh2 Rxh2 24. Kxh2 g6 25. Nd3 Nb4 1/2-1/2

[Event "R09M017"]
[Site "R09M017"]
[Date "1992.??.??"]
[Round "?"]
[White "Hjartarson, Johann"]
[Black "Vera, Reynaldo G"]
[Result "1-0"]
[WhiteElo "2580"]
[BlackElo "2495"]
[PlyCount "89"]
[EventDate "1992.??.??"]
[Source "www.chesslib.no"]
[SourceDate "2004.05.04"]

1. e4 c5 2. Nc3 e6 3. g3 d5 4. d3 Nf6 5. Bg2 Be7 6. exd5 exd5 7. Bg5 O-O 8. Nge2 d4 9. Bxf6 Bxf6 10. Ne4 Be7 11. O-O Nc6 12. Nf4 Re8 13. Qh5 g6 14. Qd5 Bf5 15. Rae1 Qb6 16. Nd6 Bxd6 17. Qxd6 Nb4 18. Qxb6 axb6 19. a3 Nxc2 20. Rc1 g5 21. g4 gxf4 22. gxf5 Re2 23. Bxb7 Rae8 24. Bf3 Rd2 25. Rfd1 Rxd1+ 26. Rxd1 Re1+ 27. Rxe1 Nxe1 28. Be4 f3 29. Kf1 Ng2 30. Bxf3 Nh4 31. Be4 Kg7 32. f6+ Kxf6 33. Bxh7 Nf3 34. Ke2 Ng5 35. Be4 Ke5 36. Bc6 Kf4 37. h4 Nh7 38. Bd5 f5 39. a4 Nf6 40. Be6 Nh5 41. Bf7 Ng7 42. f3 Ke5 43. h5 Kf6 44. h6 Kxf7 45. h7 1-0

[Event "Warsaw m"]
[Site "Warsaw"]
[Date "1993.??.??"]
[Round "3"]
[White "Gdanski, Jacek"]
[Black "Wojtkiewicz, Aleksander"]
[Result "1/2-1/2"]
[WhiteElo "2480"]
[BlackElo "2580"]
[PlyCount "107"]
[EventDate "1993.??.??"]
[Source "ChessBase"]

1. e4 c5 2. Nc3 e6 3. g3 d5 4. exd5 exd5 5. d4 cxd4 6. Qxd4 Nf6 7. Bg5 Be7 8. Bb5+ Nc6 9. Bxf6 Bxf6 10. Qc5 Bxc3+ 11. bxc3 Qe7+ 12. Qxe7+ Kxe7 13. O-O-O Be6 14. Ne2 Rhd8 15. Rhe1 Rd6 16. Bxc6 Rxc6 17. Rd4 Rac8 18. Ra4 a6 19. Rb4 R8c7 20. Kd2 d4 21. Rxd4 Bxa2 22. Nf4+ Kf6 23. Nh5+ Kg6 24. Nf4+ Kh6 25. Re3 g6 26. h4 Kg7 27. g4 h6 28. h5 g5 29. Nd5 Bxd5 30. Rxd5 Rf6 31. f3 Rcc6 32. Rd4 Rb6 33. Rb4 a5 34. Rxb6 Rxb6 35. Re5 Rd6+ 36. Kc1 Rf6 37. Re3 Rf4 38. Kb2 Kf6 39. Kb3 b5 40. Kb2 a4 41. Ka3 Kg7 42. Kb2 Kf8 43. Ka3 f6 44. Kb2 Kf7 45. Ka3 Kg8 46. Kb2 Kf8 47. Ka3 Kf7 48. Kb2 f5 49. Rd3 Ke6 50. Re3+ Kd5 51. Rd3+ Kc5 52. Re3 fxg4 53. fxg4 Rxg4 54. Re6 1/2-1/2

[Event "Ubeda op"]
[Site "Ubeda"]
[Date "1999.01.21"]
[Round "2"]
[White "Minasian, Artashes"]
[Black "Moreno Carnero, Javier"]
[Result "1-0"]
[WhiteElo "2620"]
[BlackElo "2430"]
[PlyCount "59"]
[EventDate "1999.01.??"]
[Source "ChessBase"]
[SourceDate "1999.03.01"]

1. e4 c5 2. Nc3 e6 3. g3 d5 4. exd5 exd5 5. Bg2 Nf6 6. d3 Nc6 7. Bg5 Be7 8. Nge2 d4 9. Bxf6 Bxf6 10. Nd5 Be5 11. O-O g6 12. c4 dxc3 13. bxc3 O-O 14. Rb1 Rb8 15. Ne3 Be6 16. f4 Bg7 17. f5 Bxa2 18. Rb2 Re8 19. Qd2 c4 20. Rxa2 cxd3 21. Nf4 Qb6 22. Nfd5 Qc5 23. Kh1 Bh6 24. fxg6 fxg6 25. Nf6+ Kh8 26. Nxe8 Rxe8 27. Qxd3 Ne5 28. Qe4 Bxe3 29. Re1 Qc4 30. Ra4 1-0

[Event "HB Global Chess Challenge"]
[Site "?"]
[Date "2005.05.22"]
[Round "8.21"]
[White "Del Mundo Anton"]
[Black "Adianto Utut"]
[Result "0-1"]
[WhiteElo "2360"]
[BlackElo "2688"]
[PlyCount "40"]
[EventDate "2005.??.??"]
[Source "www.chesslib.no"]
[SourceDate "2004.05.04"]

1. e4 c5 2. Nc3 e6 3. g3 d5 4. exd5 exd5 5. Bg2 Nf6 6. Nge2 d4 7. Ne4 Nxe4 8. Bxe4 g6 9. Nf4 Bg7 10. O-O O-O 11. c4 d3 12. Qf3 Nc6 13. Qxd3 Nd4 14. a4 Re8 15. Ra3 Qe7 16. f3 Bf5 17. Bxf5 Nxf5 18. Nd5 Qg5 19. Ne3 Nxg3 20. f4 Ne2+ 0-1

[Event "FRA-ch"]
[Site "Val d'Isere"]
[Date "2002.08.23"]
[Round "5"]
[White "Bricard, Emmanuel"]
[Black "Vaisser, Anatoli"]
[Result "1/2-1/2"]
[WhiteElo "2454"]
[BlackElo "2581"]
[PlyCount "58"]
[EventDate "2002.08.19"]
[Source "ChessBase"]
[SourceDate "2002.11.12"]

1. e4 c5 2. Nc3 e6 3. g3 d5 4. d3 Nc6 5. exd5 exd5 6. Bg2 d4 7. Ne4 Nf6 8. Bg5 Be7 9. Bxf6 Bxf6 10. Ne2 O-O 11. O-O Be7 12. Nf4 Bd7 13. Re1 Rc8 14. Qh5 Nb4 15. Re2 Rc6 16. a3 Rh6 17. Qf3 Nc6 18. Nd5 Re6 19. Rae1 Re5 20. Nd2 Bd6 21. Nc4 Rxe2 22. Rxe2 Be6 23. Nxd6 Qxd6 24. Nf4 Bd7 25. h4 Re8 26. Rxe8+ Bxe8 27. Qe4 Bd7 28. Bh3 Bxh3 29. Nxh3 Qe5 1/2-1/2

[Event "76th ch-UKR Final"]
[Site "Kharkiv UKR"]
[Date "2007.11.24"]
[Round "8"]
[White "Jakimov, V."]
[Black "Brodsky, M."]
[Result "0-1"]
[WhiteElo "2434"]
[BlackElo "2597"]
[PlyCount "72"]
[EventDate "2007.11.17"]
[Source "www.chesslib.no"]
[SourceDate "2004.05.04"]

1. e4 c5 2. Nc3 e6 3. g3 d5 4. d3 Nf6 5. Bg2 dxe4 6. dxe4 Qxd1+ 7. Nxd1 Nc6 8. c3 Bd7 9. f4 Na5 10. e5 Nd5 11. Ne3 Bc6 12. Nxd5 Bxd5 13. Bxd5 exd5 14. Nf3 f6 15. O-O Be7 16. exf6 gxf6 17. Re1 Kf7 18. f5 Rad8 19. Bf4 Bd6 20. Bxd6 Rxd6 21. b4 cxb4 22. cxb4 Nc4 23. Nd4 Ne5 24. Rac1 Rd7 25. Rc3 Rg8 26. h3 h5 27. Kh2 Nc4 28. Rd1 Nd6 29. Ne6 Nxf5 30. Nc5 Re7 31. Rd2 Ne3 32. Rc1 Rc8 33. Rg1 b6 34. Nd3 Rc4 35. Nf4 h4 36. Nxd5 Rd7 0-1

[Event "It (open)"]
[Site "Zupanja (Croatia)"]
[Date "2008.01.05"]
[Round "3"]
[White "Perunovic Milos (SRB)"]
[Black "Pavlovic Milos_ (SRB)"]
[Result "1/2-1/2"]
[WhiteElo "2576"]
[BlackElo "2448"]
[PlyCount "21"]
[EventDate "2008.??.??"]
[Source "www.chesslib.no"]
[SourceDate "2004.05.04"]

1. e4 c5 2. Nc3 e6 3. g3 d5 4. exd5 exd5 5. Bg2 Nf6 6. Nge2 d4 7. Ne4 Nxe4 8. Bxe4 Nd7 9. O-O Nf6 10. Bg2 Be7 11. d3 1/2-1/2

[Event "Hastings Challengers"]
[Site "?"]
[Date "1999.01.04"]
[Round "7"]
[White "Ledger Andrew"]
[Black "Lalic Bogdan"]
[Result "1/2-1/2"]
[WhiteElo "2450"]
[BlackElo "2560"]
[PlyCount "27"]
[EventDate "1999.??.??"]
[Source "www.chesslib.no"]
[SourceDate "2004.05.04"]

1. e4 c5 2. Nc3 e6 3. g3 d5 4. exd5 exd5 5. Bg2 Nf6 6. d3 d4 7. Ne4 Nxe4 8. Bxe4 Nd7 9. Ne2 Nf6 10. Bg2 Bd6 11. O-O O-O 12. Bf4 Bg4 13. Bxd6 Qxd6 14. h3 1/2-1/2

[Event "Cappelle Open"]
[Site "Cappelle la Grande FRA"]
[Date "1992.??.??"]
[Round "8"]
[White "Lane, Gary W"]
[Black "Bologan, Viktor"]
[Result "1-0"]
[WhiteElo "2420"]
[BlackElo "2585"]
[PlyCount "75"]
[EventDate "1992.02.??"]
[Source "www.chesslib.no"]
[SourceDate "2004.05.04"]

1. e4 c5 2. Nc3 e6 3. g3 d5 4. exd5 exd5 5. d4 cxd4 6. Qxd4 Be6 7. Bg2 Nc6 8. Qa4 Bb4 9. Nge2 a6 10. O-O Nge7 11. Nf4 O-O 12. Nce2 Bc5 13. c3 b5 14. Qd1 Bb6 15. a4 b4 16. cxb4 Nxb4 17. b3 Rc8 18. Bb2 Bf5 19. Nd4 Be4 20. Qg4 Ng6 21. Bxe4 dxe4 22. Nf5 Rc5 23. Nh5 f6 24. Nhxg7 Qd5 25. Ne7+ Nxe7 26. Nf5+ Kf7 27. Qg7+ Ke6 28. Qxe7+ Kxf5 29. Qxf8 Qc6 30. Bd4 Nd3 31. Qg8 h5 32. h3 Bc7 33. Qc8+ Kg6 34. Qg8+ Kf5 35. Bxc5 Nxc5 36. Rac1 Bd6 37. b4 Qd7 38. Qd5+ 1-0

[Event "Mind Sports Games - Rapid Pair"]
[Site "Pechino CINA"]
[Date "2008.10.09"]
[Round "1"]
[White "Berend, F."]
[Black "Zhang Zhong"]
[Result "0-1"]
[WhiteElo "2345"]
[BlackElo "2649"]
[PlyCount "133"]
[EventDate "2008.10.09"]
[Source "www.chesslib.no"]
[SourceDate "2004.05.04"]

1. e4 c5 2. Nc3 e6 3. g3 d5 4. exd5 exd5 5. Bg2 Nf6 6. d3 Be7 7. Nge2 O-O 8. O-O d4 9. Ne4 Nxe4 10. dxe4 Nc6 11. Nf4 Bd6 12. Nd5 Be6 13. Re1 Re8 14. Qh5 g6 15. Qg5 Qxg5 16. Bxg5 Bxd5 17. exd5 Nb4 18. Be4 f5 19. Bd3 Nxd3 20. cxd3 Kf7 21. Kf1 Rxe1+ 22. Rxe1 Re8 23. Rxe8 Kxe8 24. a4 Be5 25. h3 Kd7 26. b3 Kd6 27. Ke2 Kxd5 28. Bd2 Bc7 29. Be1 Kc6 30. f3 Kd5 31. g4 Bf4 32. gxf5 gxf5 33. Bh4 a6 34. Kd1 b5 35. axb5 axb5 36. Kc2 Bd6 37. Bf6 Ke6 38. Bh4 Kf7 39. Kd1 Be7 40. Bg3 Ke6 41. Bf4 Kd5 42. Kc2 c4 43. bxc4+ bxc4 44. Bh6 Bh4 45. Bg7 Bg5 46. Bh8 c3 47. Bg7 Bf4 48. Kb3 Be3 49. Kc2 Ke6 50. Kd1 Kf7 51. Be5 Kg6 52. Bg3 Kg5 53. Kc2 Bg1 54. Kd1 f4 55. Be1 h5 56. Kc2 Bh2 57. Bf2 Bg3 58. Bxd4 Kh4 59. Bf6+ Kxh3 60. d4 Bh4 61. Bxh4 Kxh4 62. Kxc3 Kg5 63. Kd3 Kf5 64. d5 h4 65. d6 Ke6 66. Ke4 h3 67. Kd4 0-1

[Event "Baden-Baden"]
[Site "Baden-Baden GER"]
[Date "1988.??.??"]
[Round "?"]
[White "Blatny, Pavel"]
[Black "Ioseliani, Nana M"]
[Result "1-0"]
[WhiteElo "2490"]
[BlackElo "2495"]
[PlyCount "75"]
[EventDate "1988.07.??"]
[Source "www.chesslib.no"]
[SourceDate "2004.05.04"]

1. e4 c5 2. Nc3 e6 3. g3 d5 4. Bg2 Nf6 5. d3 Nc6 6. Nge2 Be7 7. O-O O-O 8. Nf4 d4 9. Nce2 Rb8 10. Nh3 e5 11. f3 Nd7 12. f4 b5 13. f5 c4 14. g4 f6 15. Rf3 Nc5 16. Rg3 h6 17. Nf2 Bd7 18. h4 Be8 19. Nh3 Rc8 20. Bd2 Na4 21. b3 Nb2 22. Qb1 c3 23. Bc1 Ba3 24. g5 fxg5 25. hxg5 Kh7 26. gxh6 gxh6 27. Bxh6 Rg8 28. Rxg8 Kxg8 29. Qe1 Rc7 30. Qg3+ Kh8 31. Ng5 Qf6 32. Qh3 Kg8 33. Ne6 Rh7 34. Qg3+ Kh8 35. Bg5 Qf7 36. Nd8 Qg7 37. f6 Qg6 38. Nxc6 1-0

[Event "Sarajevo"]
[Site "Sarajevo"]
[Date "1988.??.??"]
[Round "?"]
[White "Klinger, Josef"]
[Black "Marjanovic, Slavoljub"]
[Result "1/2-1/2"]
[WhiteElo "2505"]
[BlackElo "2480"]
[PlyCount "26"]
[EventDate "1988.03.??"]
[Source "ChessBase"]

1. e4 c5 2. Nc3 e6 3. g3 d5 4. exd5 exd5 5. Bg2 Nf6 6. d3 Be7 7. Nge2 d4 8. Ne4 Nxe4 9. Bxe4 Nd7 10. O-O O-O 11. Bg2 Nf6 12. Bg5 h6 13. Bxf6 Bxf6 1/2-1/2

[Event "Heart of Finland Open, Jyvaskyla FIN"]
[Site "?"]
[Date "2001.??.??"]
[Round "5"]
[White "Seeman, T."]
[Black "Kveinys, A."]
[Result "1/2-1/2"]
[WhiteElo "2440"]
[BlackElo "2535"]
[PlyCount "83"]
[EventDate "2001.??.??"]
[Source "www.chesslib.no"]
[SourceDate "2004.05.04"]

1. e4 c5 2. Nc3 e6 3. g3 d5 4. exd5 exd5 5. Bg2 Nf6 6. Nge2 d4 7. Ne4 Nxe4 8. Bxe4 Nd7 9. O-O Nf6 10. Bg2 Be7 11. d3 O-O 12. Bg5 h6 13. Bxf6 Bxf6 14. Nf4 Bg5 15. Qf3 Qd6 16. Nd5 Be6 17. h4 Bd2 18. Rfd1 Ba5 19. Nf4 Bd7 20. Qxb7 Bg4 21. Qd5 Rad8 22. Qxd6 Rxd6 23. Rdb1 Bd2 24. Bh3 f5 25. Bxg4 fxg4 26. Ng2 Re6 27. Rf1 Re2 28. a3 a5 29. Rab1 Rf3 30. h5 Rf5 31. c3 dxc3 32. bxc3 Bxc3 33. Nf4 Ra2 34. Rb8+ Rf8 35. Rfb1 Bd4 36. Rxf8+ Kxf8 37. Ne6+ Kf7 38. Nxd4 cxd4 39. Rb7+ Kf6 40. Rb6+ Kf7 41. Rb7+ Kf6 42. Rb6+ 1/2-1/2